000 00372cam a22001097a 4500
008 180718b1960 xxu||||| |||| 00| 0 eng d
082 _aP1108x54 In2p
245 _aReport of the first National Seminar: education Of Primary Teachers in India
_cby Ministry of Education
260 _aNew Delhi
_bVigyan Bhawan
_c1960
300 _a262p.
700 _aIndia. Ministry of Education
999 _c494539
_d494539